[Event "1700's Anonymous - no.3"]
[Site "SchemingMind.com"]
[Date "2013.04.18"]
[Round "-"]
[White "emvarela"]
[Black "Scooter"]
[Result "1/2-1/2"]
[WhiteCountry "ARG"]
[BlackCountry "USA"]
[WhiteElo "1761"]
[WhiteRD "48"]
[BlackElo "1756"]
[BlackRD "49"]
[GameID "330397"]

1. e4 c6 2. d4 d5 3. Nc3 dxe4 4. Nxe4 Bf5 5. Ng3 Bg6 6. h4 h6 7. Nf3 Nd7 8. h5 Bh7 9. Bd3 Bxd3 10. Qxd3 Qc7
11. Bd2 O-O-O 12. d5 Ne5 13. Qf5+ e6 14. dxe6 Nxf3+ 15. gxf3 fxe6 16. Qxe6+ Qd7 17. Qxd7+ Rxd7 18. O-O-O Nf6 19. Bc3 Nd5 20. Be5 Bd6
21. Bxd6 Rxd6 22. Ne4 Rdd8 23. Rhe1 Nf6 24. Nxf6 gxf6 25. Re6 Rhf8 26. f4 Rxd1+ 27. Kxd1 Kd7 28. f5 b6 29. c4 a6 30. Kd2 Rd8
31. Ke3 Re8 32. Rxe8 Kxe8 33. b4 Kd7 34. Kd4 Kd6 35. a3 a5 36. b5 Kd7 37. a4 Kd6 38. f3 Kd7 39. c5 cxb5 40. axb5 bxc5+
41. Kxc5 Kc7 42. b6+ Kb7 43. Kb5 a4 44. Kxa4 Kxb6 45. Kb4 Kc6 46. Kc4 Kd6 47. Kd4 Kc6 48. Kc4=
1/2-1/2

[Event "1700's Anonymous - no.3"]
[Site "SchemingMind.com"]
[Date "2013.04.17"]
[Round "-"]
[White "Daryl Fouard"]
[Black "Scooter"]
[Result "1/2-1/2"]
[WhiteCountry "USA"]
[BlackCountry "USA"]
[WhiteElo "1673"]
[WhiteRD "77"]
[BlackElo "1748"]
[BlackRD "50"]
[GameID "330398"]

1. e4 c6 2. c4 d5 3. exd5 cxd5 4. cxd5 Qxd5 5. Nc3 Qa5 6. d4 Nf6 7. Nf3 Bg4 8. Bb5+ Nbd7 9. O-O a6 10. Be2 e6
11. h3 Bh5 12. Bf4 Be7 13. Rc1 O-O 14. Qd2 Bb4 15. a3 Ne4 16. axb4 Nxd2 17. bxa5 Nxf1 18. Kxf1 Rac8 19. Ne5 Bxe2+ 20. Nxe2 Nxe5
21. Bxe5=
1/2-1/2

[Event "1700's Anonymous - no.3"]
[Site "SchemingMind.com"]
[Date "2013.04.17"]
[Round "-"]
[White "kenneth m day"]
[Black "Scooter"]
[Result "0-1"]
[WhiteCountry "USA"]
[BlackCountry "USA"]
[WhiteElo "1768"]
[WhiteRD "51"]
[BlackElo "1756"]
[BlackRD "49"]
[GameID "330399"]

1. e4 c6 2. c4 d5 3. cxd5 cxd5 4. exd5 Qxd5 5. Nc3 Qa5 6. d4 Nf6 7. Nf3 Bg4 8. Be2 e6 9. Bd2 Bb4 10. O-O O-O
11. Ne5 Bxe2 12. Qxe2 Nbd7 13. Nxd7 Nxd7 14. a3 Bxc3 15. Bxc3 Qc7 16. Rac1 Qb6 17. Qg4 Nf6 18. Qg5 Nd5 19. h4 Nxc3 20. bxc3 Rac8
21. Rb1 Qc6 22. Rfc1 b6 23. c4 Qa4 24. Rc3 Rxc4 25. Rg3 g6 26. Qe5 Rxd4 27. h5 Rd5 28. Qc3 Rd1+ 29. Rxd1 Qxd1+ 30. Kh2 Qxh5+
31. Rh3 Qc5 32. Qg3 Rd8 33. Qh4 Qc7+ 34. g3 h5 35. Qf6 Rd2 36. Rh4 Qc5 37. Rf4 Rd7 38. Rf3 Qd4 39. Qg5 Qd5 40. Qf6 a5
41. Qc3 b5 42. Qc8+ Kg7 43. Qe8 Qxf3 44. Qxd7 Qxf2+ 45. Kh1 b4 46. Qa4 Qxg3 47. axb4 Qe1+ 48. Kg2 Qxb4
0-1

[Event "1700's Anonymous - no.3"]
[Site "SchemingMind.com"]
[Date "2013.04.17"]
[Round "-"]
[White "erobeno"]
[Black "David Hartley"]
[Result "1-0"]
[WhiteCountry "TUR"]
[BlackCountry "ENG"]
[WhiteElo "1977"]
[WhiteRD "62"]
[BlackElo "1748"]
[BlackRD "67"]
[GameID "330400"]

1. e4 e5 2. Nf3 Nc6 3. Bb5 a6 4. Ba4 Nf6 5. O-O Be7 6. Re1 b5 7. Bb3 d6 8. c3 O-O 9. h3 Bd7 10. d4 h6
11. d5 Na5 12. Bc2 c6 13. b3 cxd5 14. exd5 Bc8 15. Na3 Nb7 16. c4 bxc4 17. bxc4 Nc5 18. Be3 Nfd7 19. Rb1 Qc7 20. Nd2 Nf6
21. Qf3 Qa5 22. Bxc5 Qxc5 23. Ba4 Bd7 24. Bxd7 Nxd7 25. Rb7 Ra7 26. Nb3 Rxb7 27. Nxc5 Nxc5 28. Rb1 Ra7 29. Nc2 Nd7 30. Qe3 Nc5
31. Rb6 Rfa8 32. Na1 Rc7 33. Nb3 f6 34. Rc6 Rd7 35. Nxc5 dxc5 36. Qa3 a5 37. Qa4 Kf7 38. Rxc5 Rda7 39. Rc6 Rd7 40. Rxf6+ Bxf6
41. Qxd7+ Kg6 42. c5 Rb8 43. c6
1-0

[Event "1700's Anonymous - no.3"]
[Site "SchemingMind.com"]
[Date "2013.04.16"]
[Round "-"]
[White "erobeno"]
[Black "Clive Everill"]
[Result "1/2-1/2"]
[WhiteCountry "TUR"]
[BlackCountry "CZE"]
[WhiteElo "1773"]
[WhiteRD "67"]
[BlackElo "1736"]
[BlackRD "52"]
[GameID "330401"]

1. e4 e6 2. d4 d5 3. Nc3 Bb4 4. e5 Ne7 5. Bd2 b6 6. Nb5 Bxd2+ 7. Qxd2 O-O 8. Nf3 Ba6 9. Bd3 c6 10. Nd6 Bxd3
11. Qxd3 c5 12. c3 c4 13. Qc2 h6 14. O-O Nbc6 15. b3 cxb3 16. axb3 f6 17. Nb5 a6 18. Na3 fxe5 19. dxe5 Rf5 20. Rfe1 Qc7
21. Nd4 Rxe5 22. Nxe6 Rxe1+ 23. Rxe1 Qd6 24. Qc1 Ne5 25. Qf4 N7g6 26. Qf5 Re8 27. f4 Rxe6 28. fxe5 Rxe5 29. Rxe5 Nxe5 30. Nc2 Qc5+
31. Kf1 Qxc3 32. Ne1 Qd4 33. h3 a5 34. h4 Ng4 35. Qe6+ Kf8 36. Ke2 Qf2+ 37. Kd3 Qxh4 38. Nf3 Nf2+ 39. Ke3 Qe4+ 40. Qxe4 Nxe4
41. Kd4 Nf6 42. Ke5 Ke7 43. Nd4 g6 44. Nb5 Nd7+ 45. Kxd5 Nc5 46. Nd4 a4 47. b4 Nb3 48. Nb5 Kd7 49. Kc4 g5 50. Nc3 Nd2+
51. Kb5 a3 52. g4 Nb1 53. Na2 Kc7 54. Kc4 Kc6 55. b5+ Kd6 56. Kd3 Kc5 57. Kc2 Kxb5 58. Kxb1 Kc4 59. Nc1 b5 60. Ka2 b4
61. Ne2 Kd3 62. Nc1+ Kc2 63. Nb3 Kc3 64. Na5 Kd4 65. Nc6+ Ke4 66. Nxb4 Kf4 67. Kxa3 Kxg4 68. Kb3 Kg3 69. Kc3 g4 70. Kd2 Kg2
71. Ke3 h5 72. Nd3 h4 73. Kf4 g3 74. Kg4 Kf1 75. Nf4 g2=
1/2-1/2

[Event "1700's Anonymous - no.3"]
[Site "SchemingMind.com"]
[Date "2013.04.18"]
[Round "-"]
[White "erobeno"]
[Black "emvarela"]
[Result "1-0"]
[WhiteCountry "TUR"]
[BlackCountry "ARG"]
[WhiteElo "1896"]
[WhiteRD "66"]
[BlackElo "1765"]
[BlackRD "48"]
[GameID "330402"]

1. e4 e5 2. Nf3 Nc6 3. Bb5 f5 4. d3 fxe4 5. dxe4 Nf6 6. O-O Bc5 7. Bxc6 bxc6 8. Re1 O-O 9. Be3 Bxe3 10. Rxe3 d6
11. h3 Rb8 12. b3 Bb7 13. b4 c5 14. a3 Nxe4 15. Nc3 Nxc3 16. Rxc3 cxb4 17. axb4 Bxf3 18. Rxf3 Rxf3 19. Qxf3 Rxb4 20. Rxa7 Rb8
21. Qd5+ Kf8 22. Qc6 Rc8 23. c4 Ke7 24. Qe4 Qg8 25. c5 h6 26. cxd6+ Kxd6 27. Ra6+ c6 28. Qb4+ Kd7 29. Ra7+ Rc7 30. Qg4+
1-0

[Event "1700's Anonymous - no.3"]
[Site "SchemingMind.com"]
[Date "2013.04.17"]
[Round "-"]
[White "erobeno"]
[Black "Scooter"]
[Result "1-0"]
[WhiteCountry "TUR"]
[BlackCountry "USA"]
[WhiteElo "1773"]
[WhiteRD "67"]
[BlackElo "1732"]
[BlackRD "48"]
[GameID "330403"]

1. e4 c6 2. d4 d5 3. Nc3 dxe4 4. Nxe4 Bf5 5. Ng3 Bg6 6. h4 h6 7. h5 Bh7 8. Nf3 Nd7 9. Bd3 Bxd3 10. Qxd3 Qc7
11. Bd2 O-O-O 12. O-O-O Ngf6 13. Qe2 e6 14. Ne5 Nxe5 15. dxe5 Nd7 16. f4 Bc5 17. Ne4 Be7 18. Qf2 Nb6 19. Ba5 f5 20. Nc5 Bxc5
21. Qxc5 Rd5 22. Rxd5 cxd5 23. Qb4 Qc4 24. b3 Qxb4 25. Bxb4 Nd7 26. a4 b6 27. Rh3 a5 28. Bd6 Kb7 29. Rg3 Rg8 30. Rg6
1-0

[Event "1700's Anonymous - no.3"]
[Site "SchemingMind.com"]
[Date "2013.04.17"]
[Round "-"]
[White "erobeno"]
[Black "Daryl Fouard"]
[Result "1-0"]
[WhiteCountry "TUR"]
[BlackCountry "USA"]
[WhiteElo "1822"]
[WhiteRD "69"]
[BlackElo "1673"]
[BlackRD "77"]
[GameID "330404"]

1. e4 c5 2. Nf3 g6 3. c3 Nf6 4. e5 Nd5 5. Bc4 Nb6 6. Qb3 e6 7. d4 cxd4 8. cxd4 d5 9. Bb5+ Bd7 10. O-O Be7
11. Bh6 Nc6 12. Nc3 Nc4 13. Bxc4 Na5 14. Qc2 Nxc4 15. b3 Nb6 16. Bg7 Rg8 17. Bh6 Rc8 18. Qd2 Bb4 19. Rac1 Qc7 20. Qd3 a6
21. Bd2 Qd8 22. Ng5 h5 23. Nh7 Bxc3 24. Nf6+ Kf8 25. Bh6+ Ke7 26. Bg5
1-0

[Event "1700's Anonymous - no.3"]
[Site "SchemingMind.com"]
[Date "2013.04.17"]
[Round "-"]
[White "erobeno"]
[Black "kenneth m day"]
[Result "1/2-1/2"]
[WhiteCountry "TUR"]
[BlackCountry "USA"]
[WhiteElo "1896"]
[WhiteRD "66"]
[BlackElo "1791"]
[BlackRD "48"]
[GameID "330405"]

1. e4 c5 2. Nf3 Nc6 3. d4 cxd4 4. Nxd4 Nf6 5. Nc3 e5 6. Ndb5 d6 7. Bg5 a6 8. Na3 Be6 9. Bc4 Be7 10. h3 b5
11. Bxe6 fxe6 12. Bxf6 Bxf6 13. Ne2 d5 14. O-O O-O 15. c3 Qb6 16. Kh1 Bh4 17. exd5 Rad8 18. c4 exd5 19. cxb5 axb5 20. Qb3 b4
21. Nc2 Rxf2 22. Rxf2 Qxf2 23. Nxb4 Nxb4 24. Qxb4 e4 25. Nd4 Bf6 26. Ne6 Re8 27. Nc7 Rd8 28. Ne6 Rc8 29. Qb7 Rc2 30. Rg1 Rd2
31. Qb5 Be7 32. Qe8+ Bf8 33. Nxf8 Qxf8 34. Qe6+ Qf7 35. Qc8+ Qf8 36. Qe6+=
1/2-1/2

[Event "1700's Anonymous - no.3"]
[Site "SchemingMind.com"]
[Date "2013.04.17"]
[Round "-"]
[White "David Hartley"]
[Black "erobeno"]
[Result "0-1"]
[WhiteCountry "ENG"]
[BlackCountry "TUR"]
[WhiteElo "1772"]
[WhiteRD "66"]
[BlackElo "2032"]
[BlackRD "60"]
[GameID "330406"]

1. e4 c5 2. c3 Nc6 3. d4 e6 4. Nf3 d5 5. e5 c4 6. Be2 g6 7. O-O Bg7 8. Be3 Nge7 9. Qd2 O-O 10. Na3 a6
11. Nc2 a5 12. Bg5 Qb6 13. Ne3 a4 14. Ng4 Nf5 15. Nh6+ Nxh6 16. Bxh6 a3 17. Bxg7 Kxg7 18. Rab1 axb2 19. Rxb2 Qc7 20. Ne1 f6
21. f4 fxe5 22. fxe5 Rxf1+ 23. Bxf1 Bd7 24. Nf3 Ne7 25. Qe3 Nf5 26. Qe1 b5 27. Nh4 Nxh4 28. Qxh4 Qd8 29. Qxd8= Rxd8 30. Rc2= g5
31. a3 Ra8 32. Ra2 Kg6 33. g4 Be8 34. Be2 Kg7 35. Bd1 Bg6 36. Kf2 Rf8+ 37. Kg1 Bd3 38. Rf2 Ra8 39. Ra2 Ra7 40. Kg2 Kf7
41. Kf2 Ke8 42. Ke3 Kd7 43. Ra1 Kc6 44. Ra2 Bb1 45. Ra1 Bd3 46. Ra2 Be4 47. Kd2 Rf7 48. Ke1 Ra7 49. Kd2 Kb6 50. Ke1 Bd3
51. Bf3 Bb1 52. Rb2 Rxa3 53. Rxb1 Rxc3 54. Bd1 Rh3 55. Rb2 c3 56. Rf2 Re3+ 57. Be2 Ka5 58. Kd1 Re4 59. Kc2 b4 60. Bd3 Rxd4
61. Bxh7 Rxg4 62. Re2 Ka4 63. Bg8 Rc4 64. Kd3 b3 65. Bh7 c2
0-1

[Event "1700's Anonymous - no.3"]
[Site "SchemingMind.com"]
[Date "2013.04.17"]
[Round "-"]
[White "Clive Everill"]
[Black "erobeno"]
[Result "0-1"]
[WhiteCountry "CZE"]
[BlackCountry "TUR"]
[WhiteElo "1736"]
[WhiteRD "52"]
[BlackElo "1773"]
[BlackRD "67"]
[GameID "330407"]

1. e4 c5 2. Nf3 Nc6 3. Bb5 a6 4. Bxc6 bxc6 5. O-O g6 6. c3 Bh6 7. Qb3 d5 8. d3 dxe4 9. dxe4 Bxc1 10. Rxc1 Be6
11. Qa4 Qb6 12. b4 c4 13. Ne5 Rc8 14. Na3 Nf6 15. Qc2 c5 16. bxc5 Qa5 17. Naxc4 Bxc4 18. Nxc4 Qxc5 19. Ne3 O-O 20. Rab1 Rb8
21. Rxb8 Rxb8 22. c4 Qd4 23. Nd5 Rb2 24. Nxe7+ Kf8 25. Nxg6+ hxg6 26. Qxb2 Qxb2 27. Rf1 Nxe4 28. f3 Nd2 29. Re1 Nxc4 30. h4 Qxa2
31. Kh2 Qf2 32. Rg1 Ne5 33. Kh1 Qxh4#
0-1

[Event "1700's Anonymous - no.3"]
[Site "SchemingMind.com"]
[Date "2013.04.18"]
[Round "-"]
[White "emvarela"]
[Black "erobeno"]
[Result "0-1"]
[WhiteCountry "ARG"]
[BlackCountry "TUR"]
[WhiteElo "1765"]
[WhiteRD "48"]
[BlackElo "1896"]
[BlackRD "66"]
[GameID "330408"]

1. e4 c5 2. Nf3 g6 3. d4 cxd4 4. Nxd4 Nf6 5. Nc3 d6 6. Be3 Bg7 7. f3 O-O 8. Qd2 a6 9. O-O-O Nc6 10. g4 Nd7
11. Nb3 b5 12. h4 Nde5 13. Be2 Nc4 14. Bxc4 bxc4 15. Nd4 Ne5 16. h5 Rb8 17. Bh6 Qb6 18. Na4 Qb7 19. Bxg7 Kxg7 20. hxg6 fxg6
21. Qh6+ Kf7 22. Qxh7+ Ke8 23. b3 Qb4 24. f4 Rxf4 25. Qg8+ Rf8 26. Qd5 Bd7 27. Ne6 Qa3+ 28. Nb2 c3 29. Rdf1 Qxb2+
0-1

[Event "1700's Anonymous - no.3"]
[Site "SchemingMind.com"]
[Date "2013.04.17"]
[Round "-"]
[White "Scooter"]
[Black "erobeno"]
[Result "0-1"]
[WhiteCountry "USA"]
[BlackCountry "TUR"]
[WhiteElo "1732"]
[WhiteRD "48"]
[BlackElo "1773"]
[BlackRD "67"]
[GameID "330409"]

1. d4 Nf6 2. Bf4 d5 3. Nf3 e6 4. e3 Bd6 5. Bxd6 cxd6 6. Bb5+ Bd7 7. Bxd7+ Qxd7 8. c3 O-O 9. O-O h6 10. Nbd2 b5
11. b3 Na6 12. c4 Nb4 13. a3 Na6 14. cxb5 Qxb5 15. Rc1 Rac8 16. b4 Qd3 17. Qa4 Ne4 18. Nxe4 dxe4 19. Ne1 Qe2 20. Nc2 Rc3
21. Rfe1 Qc4 22. Red1 Rc8 23. Rd2 d5 24. h3 f5 25. g3 Rb3 26. Rdd1 Rc3 27. Rd2 Kh7 28. Rdd1 Rxc2
0-1

[Event "1700's Anonymous - no.3"]
[Site "SchemingMind.com"]
[Date "2013.04.17"]
[Round "-"]
[White "Daryl Fouard"]
[Black "erobeno"]
[Result "0-1"]
[WhiteCountry "USA"]
[BlackCountry "TUR"]
[WhiteElo "1673"]
[WhiteRD "77"]
[BlackElo "1822"]
[BlackRD "69"]
[GameID "330410"]

1. e4 Nc6 2. Nf3 e5 3. Bb5 d6 4. d4 Bd7 5. Bxc6 Bxc6 6. Nc3 h6 7. O-O Nf6 8. dxe5 Nxe4 9. exd6 Nxd6 10. Re1+ Be7
11. Ne5 O-O 12. Nxc6 bxc6 13. Qf3 Qd7 14. Bf4 Rab8 15. Be5 f6 16. Bf4 Rxb2 17. Rac1 Re8 18. Be3 Nb5 19. Nxb5 cxb5 20. Bxa7 c6
21. Be3 Rxa2 22. Bxh6 gxh6 23. Qb3+ Qd5 24. Qg3+ Kf7 25. Rcd1 Bd6 26. Qc3 Rxe1+ 27. Qxe1 Qe5 28. Qd2 Qxh2+ 29. Kf1 Be7 30. Qc3 Qh1+
31. Ke2 Qh5+ 32. Ke1 Qe5+ 33. Qxe5 fxe5 34. c3 Ke6
0-1

[Event "1700's Anonymous - no.3"]
[Site "SchemingMind.com"]
[Date "2013.04.17"]
[Round "-"]
[White "kenneth m day"]
[Black "erobeno"]
[Result "0-1"]
[WhiteCountry "USA"]
[BlackCountry "TUR"]
[WhiteElo "1791"]
[WhiteRD "48"]
[BlackElo "1896"]
[BlackRD "66"]
[GameID "330411"]

1. e4 e5 2. Nf3 d6 3. d4 exd4 4. Nxd4 Nf6 5. Nc3 Be7 6. Bf4 O-O 7. Qd2 a6 8. O-O-O g6 9. Bg5 c5 10. Nf3 Be6
11. Bh6 Re8 12. h3 Nc6 13. Be2 Qa5 14. a3 Nb4 15. axb4 Qa1+ 16. Nb1 Ba2 17. Qd3 Qxb1+ 18. Kd2 Qxb2 19. Ke3 Nxe4 20. Qxe4 Bf6
21. Qxe8+ Rxe8+
0-1